000 00290nam a2200121Ia 4500
008 190216s9999||||xx |||||||||||||| ||und||
100 _aNagpal R L
245 0 _aFig Cultivation In India
260 _bIndian Council Og Agri Research
_c1966
300 _a40p
650 _aBotany
942 _cBK
999 _c1238
_d1238